000 01303cam a2200397 4500
999 _c24066
_d24066
001 vtls011906383
005 20251113123142.0
008 210906s2019 xo gr 010 f slo
020 _a9788022210744
_q(viazané)
035 _aurn:nbn:sk:snk-am00fi45
035 _aurn:nbn:sk:snk-am3iutj
035 _a6BC22FA4-F504-42F0-80AC-D1964453D819
040 _aSKPK
_bslo
_cSKPK
_dSNK
_erda
041 0 _aslo
044 _axo
_cSK
072 7 _a821.162.4-3
_xSlovenská próza
_2konspekt
080 _a821.162.4-31
_22011
080 _a(0:82-312.4)
_22011
100 1 _aVerin, Mark,
_d1955-
_4aut
_95300
245 1 0 _aVzkriesenie
_cMark Verin
250 _aPrvé vydanie
264 1 _aBratislava
_bTatran
_c2019
300 _a286 strán
_c22 cm
336 _atext
_btxt
_2rdacontent
337 _abez média
_bn
_2rdamedia
338 _azväzok
_bnc
_2rdacarrier
490 1 _aSlovenská tvorba
_v137. zväzok
500 _aObsahuje biografické údaje o autorovi na záložke prebalu publikácie
655 7 _aslovenské romány
_2SNKPH
_91694
655 7 _ašpionážne romány
_2SNKPH
_91786
655 7 _aSlovak fiction
_2SNKPHeng
_91695
655 7 _aSpy novels
_2SNKPHeng
_91785
700 1 _aVerin, Mark,
_d1955-
_tPrehra
_95301
700 1 _aVerin, Mark,
_d1955-
_tRozpad
_95303
958 _aLX